000 00429nam a2200169Ia 4500
008 230516s9999 xx 000 0 und d
041 _aeng
082 _a615.321
_bCRA/SIM
100 _aCRAKER, SIMON
245 _aHERBS SPICES AND MEDICINAL PLANTS VOL.I
260 _bC.B.S. PUBLISHERS & DISTRUTORS
_c2002
300 _a359
365 _h23
500 _aPB
520 _aPGY
650 _aPHARMACOGNOSY & PHYTHOCHEMISTRY
999 _c363589
_d363589